Estadísticas para Países que han participado en Fútbol en los Juegos Olímpicos

Haz click aquí para tomar la prueba!

Estadísticas generales

  • Esta prueba ha sido tomada 50 veces
  • La puntuación promedio es 66 de 90

Estadísticas de respuestas

#Mejor LugarPaìs% Correcto
15CampeónItalia
100%
2CuartosCanadá
100%
13CampeónBrasil
100%
8CampeónArgentina
100%
11CampeónMéxico
100%
134to lugarEstados Unidos
100%
4SubcampeónAlemania
100%
10CampeónEspaña
98%
103er lugarJapón
98%
9CampeónReino Unido
98%
9CampeónSuecia
98%
5CuartosColombia
98%
2Primera FaseNueva Zelanda
98%
74to lugarAustralia
98%
114to lugarEgipto
95%
1Primera FaseRusia
95%
12CampeónFrancia
95%
44to lugarPortugal
95%
4Primera FaseChina
95%
43er lugarChile
93%
2CuartosPerú
93%
3CuartosIrán
93%
103er lugarCorea del Sur
93%
2Primera FaseSudáfrica
93%
3CampeónUruguay
90%
44to lugarIndia
90%
2SubcampeónParaguay
90%
1Primera FaseVenezuela
90%
83er lugarPaíses Bajos
90%
54to lugarIrak
88%
44to lugarFinlandia
88%
3SubcampeónSuiza
88%
53er lugarNoruega
88%
8SubcampeónDinamarca
88%
1CuartosCorea del Norte
85%
6CuartosTurquía
85%
4CampeónBélgica
85%
1Primera FaseSerbia
85%
2CuartosCuba
85%
7CampeónPolonia
83%
2CuartosIrlanda
83%
3Primera FaseGrecia
83%
7CampeónNigeria
83%
2CuartosArgelia
83%
4SubcampeónAustria
80%
44to lugarHonduras
80%
3CampeónCamerún
80%
9CampeónHungría
78%
1CuartosSenegal
78%
3CuartosGuatemala
78%
3CuartosRumanía
78%
3CuartosCosta Rica
78%
7Segunda FaseMarruecos
78%
2Primera FaseArabia Saudita
76%
5SubcampeónBulgaria
73%
1CuartosIndonesia
73%
4Primera FaseTúnez
71%
1Primera FaseEl Salvador
68%
11CampeónYugoslavia
68%
2CuartosIsrael
66%
63er lugarGhana
66%
1Primera FaseEslovaquia
66%
1Primera FaseRepública Checa
63%
2Primera FaseTailandia
61%
5CampeónChecoslovaquia
59%
1CuartosMali
59%
6CampeónUnión Soviética
56%
1Primera FaseMalasia
56%
1Primera FaseEmiratos Arabes Unidos
56%
1CuartosCosta de Marfil
54%
2CuartosCatar
51%
1Primera FaseSudán
49%
2CuartosZambia
49%
1Primera FaseLituania
46%
1Primera FaseSiria
46%
1Primera FaseEstonia
46%
1Primera FaseLetonia
44%
1Primera FaseBielorrusia
44%
1Primera FaseAfganistán
44%
3CuartosKuwait
41%
1Primera FaseGuinea
39%
1Primera FaseFiyi
39%
1Primera FaseTaiwán
39%
1Primera FaseGabón
37%
6OctavosLuxemburgo
34%
1Primera FaseMyanmar
24%
53er lugarAlemania Federal
17%
4CampeónAlemania Democrática
12%
1Primera FaseSerbia y Montenegro
12%
1Primera FaseAntillas Neerlandesas
5%

Distribución de puntuación

Porcentaje por número respondido

Porcentaje de gente con cada puntuación

Historial de tus puntuaciones

No has tomado esta prueba